|
|
|
|
| LEADER |
02057nam a2200493 i 4500 |
| 001 |
EBC4674278 |
| 003 |
MiAaPQ |
| 005 |
20200520144314.0 |
| 006 |
m o d | |
| 007 |
cr cnu|||||||| |
| 008 |
160309t20162016dcuab ob 000 0 eng|d |
| 020 |
|
|
|z 9781464808463 (alk. paper)
|
| 020 |
|
|
|z 9781464808463
|
| 020 |
|
|
|a 9781464808470 (e-book)
|
| 035 |
|
|
|a (MiAaPQ)EBC4674278
|
| 035 |
|
|
|a (Au-PeEL)EBL4674278
|
| 035 |
|
|
|a (CaPaEBR)ebr11258874
|
| 035 |
|
|
|a (CaONFJC)MIL953475
|
| 035 |
|
|
|a (OCoLC)958079356
|
| 040 |
|
|
|a MiAaPQ
|b eng
|e rda
|e pn
|c MiAaPQ
|d MiAaPQ
|
| 043 |
|
|
|a f------
|
| 050 |
|
4 |
|a HV555.A35
|b D45 2016
|
| 082 |
0 |
|
|a 363.34/92972096
|2 23
|
| 100 |
1 |
|
|a Del Ninno, Carlo,
|e author.
|
| 245 |
1 |
0 |
|a Social protection programs for Africa's drylands /
|c Carlo del Ninno, Pierre Fallavier, and Sarah Coll-Black.
|
| 264 |
|
1 |
|a Washington DC :
|b International Bank for Reconstruction and Development/The World Bank,
|c [2016]
|
| 264 |
|
4 |
|c 2016
|
| 300 |
|
|
|a 1 online resource (85 pages) :
|b illustrations, maps.
|
| 336 |
|
|
|a text
|2 rdacontent
|
| 337 |
|
|
|a computer
|2 rdamedia
|
| 338 |
|
|
|a online resource
|2 rdacarrier
|
| 490 |
0 |
|
|a A world bank study
|
| 504 |
|
|
|a Includes bibliographical references.
|
| 588 |
|
|
|a Description based on print version record.
|
| 590 |
|
|
|a Electronic reproduction. Ann Arbor, MI : ProQuest, 2016. Available via World Wide Web. Access may be limited to ProQuest affiliated libraries.
|
| 650 |
|
0 |
|a Drought relief
|z Africa.
|
| 650 |
|
0 |
|a Arid regions
|z Africa.
|
| 650 |
|
0 |
|a Social planning
|z Africa.
|
| 655 |
|
4 |
|a Electronic books.
|
| 700 |
1 |
|
|a Fallavier, Pierre,
|e author.
|
| 700 |
1 |
|
|a Coll-Black, Sarah,
|e author.
|
| 776 |
0 |
8 |
|i Print version:
|a Del Ninno, Carlo.
|t Social protection programs for Africa's drylands.
|d Washington DC : International Bank for Reconstruction and Development/The World Bank, [2016]
|k A world bank study
|z 9781464808463
|w (DNAL)1343619
|
| 797 |
2 |
|
|a ProQuest (Firm)
|
| 856 |
4 |
0 |
|u https://ebookcentral.proquest.com/lib/matrademy/detail.action?docID=4674278
|z Click to View
|